000 01017nam a22001697a 4500
999 _c63872
_d63872
003 Ge_BSU
005 20260211104916.0
008 260211s1975 ge ||||| |||| 00| 0 geo d
041 _ageo
080 _a338.26(47+57)(042.4) გ-74
100 _aგოშაძე, გ.
_93113
245 _aსოციალისტური ეკონომიკის გეგმაზომიერი განვითარება. სოციალისტური სახელმწიფოს ეკონომიური როლი :
_bლექცია სოციალიზმის პოლიტიკურ ეკონომიაში/
_cგ. გოშაძე.
264 _aთბ. : თბილ.
_bუნ-ტის გამ-ბა,
_c1975.
300 _a60გვ. ;
_b16სმ.
653 _aსსრ კავშირის სახალხო მეურნეობის გეგმაზომიერი განვითარება
942 _2udc
_cᲬᲘᲒᲜᲘ